000 00561cam a2200181 i 4500
005 20180803125858.0
010 _aB-701179
020 _a9789386106681
_c325.00
035 _aB-701179
082 0 4 _aS
100 1 _aStilton, Geronimo,
245 1 4 _aAnd the madagascar madness /
_cGeronimo Stilton and Thea Stilton
260 _aNew York
_bScholastic
_c2016
300 _a162p
_bcolor illustrations ;
_c20 cm (pbk)
700 _aStilton, Thea
942 _2ddc
_cCH
_hS
_mSTI
999 _c155360
_d155360